Statistics for Australian Overseas Territories

Click here to take the quiz!

General Stats

  • This quiz has been taken 26 times
  • The average score is 4 of 7

Answer Stats

HintAnswer% Correct
This Island was occupied by the Japanese in WWIIChristmas Island
100%
Some of this Islands residents are ancestors of the HMS Bounty mutineersNorfolk Island
75%
Australia's claim to this barren continentAustralian Antarctic Territory
70%
This Island used to be apart of the British Colony of SingaporeCocos Islands
65%
This Territory contains 30 Reefs/Atolls and 51 Islets/CaysCoral Sea Islands
50%
These Islands were handed over to Australia from the BritishAshmore and Cartier Islands
30%
These Islands are very barren and quite close to AntarticaHeard Island and McDonald Islands
25%

Score Distribution

Percentile by Number Answered

Percent of People with Each Score

Your Score History

You have not taken this quiz